New frontiers for freedom / (Record no. 6886)

MARC details
000 -LEADER
fixed length control field 00639cam a22002291 4500
001 - CONTROL NUMBER
control field BD-DhSAU 6886
003 - CONTROL NUMBER IDENTIFIER
control field BD-DhSAU
005 - DATE AND TIME OF LATEST TRANSACTION
control field 20150514094219.0
008 - FIXED-LENGTH DATA ELEMENTS--GENERAL INFORMATION
fixed length control field 741029s1954 nyu r 000 0 eng
040 ## - CATALOGING SOURCE
Original cataloging agency BD-DhSAU
082 ## - DEWEY DECIMAL CLASSIFICATION NUMBER
Classification number 420.8
Edition number 22
Item number CAN
100 1# - MAIN ENTRY--PERSONAL NAME
Personal name Canham, Erwin D.
245 10 - TITLE STATEMENT
Title New frontiers for freedom /
Statement of responsibility, etc. by Erwin D. Canham
260 ## - PUBLICATION, DISTRIBUTION, ETC. (IMPRINT)
Place of publication, distribution, etc. New York :
Name of publisher, distributor, etc. Longmans, Green,
Date of publication, distribution, etc. c1954.
300 ## - PHYSICAL DESCRIPTION
Extent 116 p. :
Dimensions 20 cm.
590 ## - Name of Cataloguer
Name of Cataloger joy
650 #0 - SUBJECT ADDED ENTRY--TOPICAL TERM
Topical term or geographic name as entry element Liberalism.
651 #0 - SUBJECT ADDED ENTRY--GEOGRAPHIC NAME
Geographic name United States
General subdivision Civilization.
651 #0 - SUBJECT ADDED ENTRY--GEOGRAPHIC NAME
Geographic name United States
General subdivision Economic policy.
651 #0 - SUBJECT ADDED ENTRY--GEOGRAPHIC NAME
Geographic name United States
General subdivision Social conditions.
651 #0 - SUBJECT ADDED ENTRY--GEOGRAPHIC NAME
Geographic name Capitalism
942 ## - ADDED ENTRY ELEMENTS (KOHA)
Source of classification or shelving scheme Dewey Decimal Classification
Koha item type Book
Holdings
Withdrawn status Lost status Source of classification or shelving scheme Damaged status Not for loan Collection code Home library Branch Name Shelving location Date acquired Total Checkouts Full call number Barcode Date last seen Price effective from Koha item type
    Dewey Decimal Classification   Not For Loan Reference SAU Library SAU Library Reference 14/05/2015   420.8 CAN 4445 14/05/2015 14/05/2015 Book
    Dewey Decimal Classification   Not For Loan Reference SAU Library SAU Library Reference 30/05/2015   420.8 CAN 4439 30/05/2015 30/05/2015 Book